Music Quiz

Random Music or Famous Quiz

Hair Metal Bands Quiz Stats

 Plays Quiz not verified by Sporcle

Score 0/50 Timer 20:00
0 Plays Today
Famous Song Band % Correct
Nothin But a Good TimePoison
95.1%
Looks that KillMotley Crue
93.2%
Round and RoundRatt
93%
We're Not Gonna Take ItTwisted Sister
91.6%
Cum On Feel the NoizeQuiet Riot
91.4%
Here I Go AgainWhitesnake
90.8%
Paradise CityGuns n Roses
90.6%
Hot for TeacherVan Halen
89.4%
PhotographDef Leppard
88.1%
Youth Gone WildSkid Row
86.3%
Don't Know What You Got til it's GoneCinderella
83.8%
Once Bitten, Twice ShyGreat White
83.8%
Down BoysWarrant
82%
SeventeenWinger
81.4%
No One Like YouScorpions
77.3%
WaitWhite Lion
76.3%
Kiss Me DeadlyLita Ford
76.1%
Never Say GoodbyeBon Jovi
73.2%
Up All NightSlaughter
73.2%
Modern Day CowboyTesla
72.2%
In My DreamsDokken
72%
Edge of a Broken HeartVixen
71%
Turn Up the RadioAutograph
70.6%
To Hell With the DevilStryper
69.5%
Smooth Up In YaBulletboys
62.6%
Famous Song Band % Correct
Naughty NaughtyDanger Danger
61.8%
Wild ChildW.A.S.P.
61.4%
Yankee RoseDavid Lee Roth
61.1%
GirlschoolBritny Fox
57.7%
Never EnoughLA Guns
55.8%
Cold BloodKix
54.4%
Rock the NightEurope
54%
Can't Live Without Your Love and AffectionNelson
53.4%
When I Look Into Your EyesFirehouse
53.2%
Don't Tell Me You Love MeNight Ranger
51.1%
Come AgainDamn Yankees
50.5%
Play With MeExtreme
47.6%
Leather Boyz With Electric ToyzPretty Boy Floyd
47.6%
When I See You SmileBad English
47.4%
New ThingEnuff Z'Nuff
42.3%
Everything About YouUgly Kid Joe
41.1%
BabylonFaster Pussycat
40.5%
Boyz Are Gonna RockVinnie Vincent Invasion
33.3%
Wicked SensationLynch Mob
32.7%
Boulevard of Broken DreamsHanoi Rocks
32.3%
Everybody Loves EileenSteelheart
30.5%
Bad GirlTrixter
30.3%
10,000 Lovers In OneTNT
29.2%
Freight TrainNitro
22.5%
Scratch My BackRoxx Gang
15.1%

You're not logged in!

Compare scores with friends on all Sporcle quizzes.
OR
Log In

Show Comments

Extras

Top Quizzes Today


Score Distribution

Your Account Isn't Verified!

In order to create a playlist on Sporcle, you need to verify the email address you used during registration. Go to your Sporcle Settings to finish the process.

Report this User

Report this user for behavior that violates our Community Guidelines.

Details: